MY RELIGION (Record no. 30901)

MARC details
000 -LEADER
fixed length control field 00277nam a22001337a 4500
003 - CONTROL NUMBER IDENTIFIER
control field SGT
020 ## - INTERNATIONAL STANDARD BOOK NUMBER
International Standard Book Number 8172291698
082 ## - DEWEY DECIMAL CLASSIFICATION NUMBER
Classification number 954.034
Item number M55G
100 ## - MAIN ENTRY--PERSONAL NAME
Personal name GANDHI, M.K.
245 ## - TITLE STATEMENT
Title MY RELIGION
260 ## - PUBLICATION, DISTRIBUTION, ETC. (IMPRINT)
Name of publisher, distributor, etc NAVJIVAN PUBLISHING HOUSE
Year of Publication 1955
300 ## - PAGE DESCRIPTION
No. of Pages 166
942 ## - ADDED ENTRY ELEMENTS (KOHA)
Source of classification or shelving scheme Dewey Decimal Classification
Koha item type Books
Holdings
Withdrawn status Lost status Source of classification or shelving scheme Damaged status Not for loan Home library Current library Shelving location Date acquired SGTU Total Checkouts Full call number Accession No. (Barcode) Date last seen Bill Date Koha item type
    Dewey Decimal Classification   Not For Loan SGT Chancellor's Library SGT Chancellor's Library Reference Book 17/04/2025 SGTU   954.034 M55G CH3011 17/04/2025 17/04/2025 Books